000 00605nam a2200193Ia 4500
003 GCL
008 140319s9999 xx 000 0 ara d
040 _aGCL /
_cGCL
082 0 4 _a341
_bع ح
100 1 _aعادل محمد خير
245 1 0 _aحدود وحالات الاختصاص الدولى للمحاكم المصرية /
_cعادل محمد خير
260 _a[S.N] :
_bدار النهضة العربية ،
_c1993
300 _a244 ص
490 _a
650 0 4 _aالقانون
650 0 4 _aالقانون الدولى
650 0 4 _aالقانون الدستورى
942 _2ddc
_cBK
999 _c54249
_d54249